Watching the clock : (Record no. 3852)

MARC details
000 -LEADER
fixed length control field 00833cam a22002654a 4500
001 - CONTROL NUMBER
control field 4996399
003 - CONTROL NUMBER IDENTIFIER
control field GBCCL
005 - DATE AND TIME OF LATEST TRANSACTION
control field 20241126110505.0
008 - FIXED-LENGTH DATA ELEMENTS--GENERAL INFORMATION
fixed length control field 990629s1999 mou 000 0 eng
010 ## -
-- 99038522
020 ## - INTERNATIONAL STANDARD BOOK NUMBER
International Standard Book Number 0570053447
040 ## - CATALOGING SOURCE
Original cataloging agency DLC
Transcribing agency DLC
Modifying agency DLC
042 ## -
-- pcc
050 00 -
-- BV4811
-- .G68 1999
082 00 - DEWEY DECIMAL CLASSIFICATION NUMBER
Classification number 242.2
Edition information 21
Item number GRU
100 1# - MAIN ENTRY--PERSONAL NAME
Personal name Grube, Edward C.,
Dates associated with a name 1947-
9 (RLIN) 7456
245 10 - TITLE STATEMENT
Title Watching the clock :
Remainder of title 260 meditations from real life /
Statement of responsibility, etc. Edward Grube.
260 ## - PUBLICATION, DISTRIBUTION, ETC.
Place of publication, distribution, etc. St. Louis, MO :
Name of publisher, distributor, etc. CPH,
Date of publication, distribution, etc. c1999.
300 ## - PHYSICAL DESCRIPTION
Extent 260 p. ;
Dimensions 23 cm.
650 #0 - SUBJECT ADDED ENTRY--TOPICAL TERM
Topical term or geographic name entry element Devotional calendars.
9 (RLIN) 1878
906 ## - LOCAL DATA ELEMENT F, LDF (RLIN)
a 7
b cbc
c orignew
d 1
e ocip
f 19
g y-gencatlg
942 ## - ADDED ENTRY ELEMENTS (KOHA)
Source of classification or shelving scheme Dewey Decimal Classification
Koha item type Books
Holdings
Withdrawn status Lost status Source of classification or shelving scheme Damaged status Not for loan Home library Current Library Shelving location Date acquired Total checkouts Full call number Barcode Date last seen Copy number Price effective from Koha item type
    Dewey Decimal Classification     GRACE BIBLE COLLEGE GRACE BIBLE COLLEGE Ministry & Mission 2017-12-14   242.2 GRU 012884 2025-05-01 c.1 2017-12-14 Books
    Dewey Decimal Classification     GRACE BIBLE COLLEGE GRACE BIBLE COLLEGE Ministry & Mission 2017-12-14   242.2 GRU 012885 2025-05-01 c.2 2017-12-14 Books
    Dewey Decimal Classification     GRACE BIBLE COLLEGE GRACE BIBLE COLLEGE Ministry & Mission 2017-12-14   242.2 GRU 012886 2025-05-01 c.3 2017-12-14 Books
    Dewey Decimal Classification     GRACE BIBLE COLLEGE GRACE BIBLE COLLEGE Ministry & Mission 2017-12-14   242.2 GRU 012887 2025-05-01 c.4 2017-12-14 Books
    Dewey Decimal Classification     GRACE BIBLE COLLEGE GRACE BIBLE COLLEGE Ministry & Mission 2017-12-14   242.2 GRU 012888 2025-05-01 c.5 2017-12-14 Books
    Dewey Decimal Classification     GRACE BIBLE COLLEGE GRACE BIBLE COLLEGE Ministry & Mission 2017-12-14   242.2 GRU 012889 2025-05-01 c.6 2017-12-14 Books
    Dewey Decimal Classification     GRACE BIBLE COLLEGE GRACE BIBLE COLLEGE Ministry & Mission 2017-12-14   242.2 GRU 012890 2025-05-01 c.7 2017-12-14 Books
    Dewey Decimal Classification     GRACE BIBLE COLLEGE GRACE BIBLE COLLEGE Ministry & Mission 2017-12-14   242.2 GRU 012891 2025-05-01 c.8 2017-12-14 Books
    Dewey Decimal Classification     GRACE BIBLE COLLEGE GRACE BIBLE COLLEGE Ministry & Mission 2017-12-14   242.2 GRU 012892 2025-05-01 c.9 2017-12-14 Books
© Grace Bible College Library 2025